The crossing : (Record no. 3374)

MARC details
000 -LEADER
fixed length control field 01766cam a22003734a 4500
001 - CONTROL NUMBER
control field 3374
003 - CONTROL NUMBER IDENTIFIER
control field FISKH
005 - DATE AND TIME OF LATEST TRANSACTION
control field 20240229144128.0
008 - FIXED-LENGTH DATA ELEMENTS--GENERAL INFORMATION
fixed length control field 090318s2010 nyuab j b 001 0deng
010 ## - LIBRARY OF CONGRESS CONTROL NUMBER
LC control number 2009011561
020 ## - INTERNATIONAL STANDARD BOOK NUMBER
International Standard Book Number 9780439691864 (hardcover)
020 ## - INTERNATIONAL STANDARD BOOK NUMBER
International Standard Book Number 0439691869 (hardcover)
040 ## - CATALOGING SOURCE
Original cataloging agency DLC
Transcribing agency DLC
Modifying agency DLC
043 ## - GEOGRAPHIC AREA CODE
Geographic area code n-us-nj
-- n-us---
-- n-us-ny
050 00 - LIBRARY OF CONGRESS CALL NUMBER
Classification number E241.T7
Item number M87 2010
082 00 - DEWEY DECIMAL CLASSIFICATION NUMBER
Classification number 973.3/32
Edition number 22
100 1# - MAIN ENTRY--PERSONAL NAME
Personal name Murphy, Jim,
Dates associated with a name 1947-
245 14 - TITLE STATEMENT
Title The crossing :
Remainder of title how George Washington saved the American Revolution /
Statement of responsibility, etc. Jim Murphy.
260 ## - PUBLICATION, DISTRIBUTION, ETC.
Place of publication, distribution, etc. New York :
Name of publisher, distributor, etc. Scholastic Press,
Date of publication, distribution, etc. 2010.
300 ## - PHYSICAL DESCRIPTION
Extent 96 pages :
Other physical details illustrations, maps ;
Dimensions 27 cm.
504 ## - BIBLIOGRAPHY, ETC. NOTE
Bibliography, etc. note Includes bibliographical references (p. 91-92) and index.
505 0# - FORMATTED CONTENTS NOTE
Formatted contents note The commander -- The invasion -- The attack -- The escape -- The retreat -- The crossing -- The old fox -- The painting.
520 ## - SUMMARY, ETC.
Summary, etc. This book tells the story of how George Washington's crossing of the Delaware River helped save the American revolution.
521 8# - TARGET AUDIENCE NOTE
Target audience note 1080
Source Lexile NC
600 10 - SUBJECT ADDED ENTRY--PERSONAL NAME
Personal name Washington, George,
Dates associated with a name 1732-1799
General subdivision Military leadership
Form subdivision Juvenile literature.
600 10 - SUBJECT ADDED ENTRY--PERSONAL NAME
Personal name Howe, William Howe,
Titles and other words associated with a name Viscount,
Dates associated with a name 1729-1814
Form subdivision Juvenile literature.
610 20 - SUBJECT ADDED ENTRY--CORPORATE NAME
Corporate name or jurisdiction name as entry element United States.
Subordinate unit Continental Army
General subdivision History
Form subdivision Juvenile literature.
650 #0 - SUBJECT ADDED ENTRY--TOPICAL TERM
Topical term or geographic name entry element Trenton, Battle of, Trenton, N.J., 1776
Form subdivision Juvenile literature.
651 #0 - SUBJECT ADDED ENTRY--GEOGRAPHIC NAME
Geographic name Delaware River Valley (N.Y.-Del. and N.J.)
General subdivision History
Chronological subdivision Revolution, 1775-1783
Form subdivision Juvenile literature.
906 ## - LOCAL DATA ELEMENT F, LDF (RLIN)
a 7
b cbc
c orignew
d 1
e ocip
f 20
g y-gencatlg
942 ## - ADDED ENTRY ELEMENTS (KOHA)
Source of classification or shelving scheme Dewey Decimal Classification
Koha item type Books
Suppress in OPAC No
Holdings
Withdrawn status Lost status Source of classification or shelving scheme Damaged status Not for loan Collection Home library Current library Shelving location Date acquired Total Checkouts Barcode Date last seen Price effective from Koha item type
    Dewey Decimal Classification     Non-Fiction Footprints International School Library Network Toul Kork Campus Footprints International School Library Network Toul Kork Campus TTP Secondary Non-Fiction Bookshelves 02/29/2024   2024-0150 02/29/2024 02/29/2024 Books